=LDR 00000nam 2200000 4500 =001 INLIS000000000047468 =005 20151203110848.0 =006 =007 =008 =035 ##$$0010-121500000000009 =082 ##$$a 390.095.981.4 =100 ##$$a daud kadir =245 ##$$a yupacara tradisional/daur hidup daerah riau =260 ##$$a pekanbaru $b p dan k $c 1985 =300 ##$$a 76 hlm $c 25 cm =990 ##$$a 0001/BPAP-NTB/2015